00366nam a22000977a 4500082001200000100001900012245012600031260004200157650002400199700004500223 a200 THE aNazish Rafique aTH-SOF-1312-Security Framework for Black Hole Attack Prevention Using Trust Management and Fuzzy Logic Analyzer in VANETs aIslamabad bNUST College of EMEc2016 aMS-CSE-13 MSTHESIS aSupervisor Dr. Muazzam Ali Khan Khattak